| 000 | 00901nas a2200289 4500 | ||
|---|---|---|---|
| 001 | BR0200491 | ||
| 003 | BR-BrBNA | ||
| 005 | 20231205102619.0 | ||
| 007 | ta | ||
| 008 | 230509b bl.|||p| |||| 00| 00por d | ||
| 040 |
_aBR-BrBNA _bpor _cBiblioteca Nacional de Agricultura |
||
| 041 | _a(Pt) | ||
| 072 | _aL70 | ||
| 100 | 1 | _aSantos, P.S.P. dos | |
| 100 | 1 | _aNunes, N. | |
| 100 | 1 | _aVicenti, F.A.M. | |
| 100 | 1 | _aMartins, S.E.C. | |
| 100 | 1 | _aRezende, M.L. de | |
| 245 | 1 | _aEletrocardiografia de caes submetidos a diferentes concentracoes de desflurano, pre-tratados ou nao com a associacao de fentanil/droperidol | |
| 650 | _aCao | ||
| 650 | _aAnestesico | ||
| 650 | _aEletrocardiografia | ||
| 650 | _aPulsacao | ||
| 773 | 0 |
_tCiencia Rural (Brazil) _xISSN 0103-8478 _g(Sep-Oct 2001), v. 31(5) p. 805-811 _wBR0200491 |
|
| 909 |
_a202311 _bLúcia _c55 _dLúcia Elande |
||
| 942 |
_2AGRIS _n0 _cANA |
||
| 999 |
_c168447 _d168447 |
||